Reviewing U.S. capital market structure : the New York Stock Exchange and related issues : hearing before the Subcommittee on Capital Markets, Insurance and Government Sponsored Enterprises of the Committee on Financial Services, U.S. House of Representatives, One Hundred Eighth Congress, first session, October 16, 2003.

Bibliographic Details
Corporate Authors: United States. Congress. House. Committee on Financial Services. Subcommittee on Capital Markets, Insurance, and Government Sponsored Enterprises, ProQuest (Firm)
Format: eBook
Language:English
Published: Washington : U.S. G.P.O. : 2003.
Series:U.S. Congressional Hearings.
Subjects:
Online Access:Connect to the full text of this electronic book

MARC

Tag First Indicator Second Indicator Subfields
LEADER 00000cam a22000001a 4500
001 in00003328021
006 m d f
007 cr bn mmmapmmp
008 110909s2003 dcua ob f000 0 eng d
005 20260511200835.1
035 |a chdc200400224 
040 |a ProQuest  |c ProQuest  |d UtOrBLW 
043 |a n-us--- 
074 |a 1013-C 
074 |a 1013-C (online) 
074 |a 1013-D (MF) 
074 |a 1013-D (online) 
088 |a Serial no. 108-57 (United States. Congress. House. Committee on Financial Services) 
099 |a HRG-2004-HGR-0014 
110 1 |a United States.  |b Congress.  |b House.  |b Committee on Financial Services.  |b Subcommittee on Capital Markets, Insurance, and Government Sponsored Enterprises. 
245 1 0 |a Reviewing U.S. capital market structure :  |b the New York Stock Exchange and related issues : hearing before the Subcommittee on Capital Markets, Insurance and Government Sponsored Enterprises of the Committee on Financial Services, U.S. House of Representatives, One Hundred Eighth Congress, first session, October 16, 2003. 
264 1 |a Washington :  |b U.S. G.P.O. :  |c 2003. 
264 2 |a Washington :  |b For sale by the Supt. of Docs., U.S. G.P.O., 
300 |a 1 online resource. 
336 |a text  |b txt  |2 rdacontent 
337 |a computer  |b c  |2 rdamedia 
338 |a online resource  |b cr  |2 rdacarrier 
500 |a Reuse of record except for individual research requires license from ProQuest, LLC. 
500 |a "Printed for the use of the Committee on Financial Services." 
500 |a Shipping list number: 2004-0165-P. 
500 |a Distributed to some depository libraries in microfiche. 
500 |a "Serial number 108-57." 
504 |a Includes bibliographical references. 
530 |a Also available via Internet from the GPO Access web site. Address as of 5/19/04: http://frwebgate.access.gpo.gov/cgi-bin/getdoc.cgi?dbname=108%5Fhouse%5Fhearin- gs&docid=f:92639.pdf; current access is available via PURL. 
500 |a Electronic resource. 
538 |a System requirements: PDF reader software. 
610 2 0 |a New York Stock Exchange  |x Auditing. 
610 2 0 |a New York Stock Exchange  |x Management. 
650 0 |a Capital market  |x Government policy  |z United States. 
655 7 |a Electronic books.  |2 local 
710 2 |a ProQuest (Firm) 
776 0 8 |i Print version:   |a United States.Congress.House.Committee on Financial Services.Subcommittee on Capital Markets, Insurance, and Government Sponsored Enterprises.  |t Reviewing U.S. capital market structure  |w (DLC)2004398295  |w (OCoLC)ocm55209606 
776 0 8 |i Microfiche version:   |a United States.Congress.House.Committee on Financial Services.Subcommittee on Capital Markets, Insurance, and Government Sponsored Enterprises.  |t Reviewing U.S. capital market structure  |d [Bethesda, Md.] : ProQuest LLC, [2004]  |o CIS 2004 H371-34  |w (ProQuest)cis00400340 
830 0 |a U.S. Congressional Hearings. 
856 4 0 |u http://proxy.library.tamu.edu/login?url=https://congressional.proquest.com/congcomp/getdoc?HEARING-ID=HRG-2004-HGR-0014  |z Connect to the full text of this electronic book  |t 0 
998 |a cis00400340 
999 |a MARS 
999 f f |s 86349fa3-8baf-368f-8c28-5191e75c467f  |i 8e5a1017-7456-37a4-be38-8a7a85b070f2  |t 0 
952 f f |a Texas A&M University  |b College Station  |c Electronic Resources  |s www_evans  |d Available Online  |t 0  |e HRG-2004-HGR-0014  |h Other scheme 
998 f f |a HRG-2004-HGR-0014  |t 0  |l Available Online